Statistics for The Legend Of Zelda: Ocarina Of Time Items And Equipment

Click here to take the quiz!

General Stats

  • This quiz has been taken 119 times
  • The average score is 70 of 114

Answer Stats

TypeItem% Correct
Bottle ItemFairy
91%
PickupBundle Of Arrows
89%
ItemHookshot
89%
Bottle ItemBug
87%
ItemDeku Nut
87%
ItemFairy Slingshot
87%
EquipmentMaster Sword
87%
ItemDeku Stick
85%
ItemFairy Bow
85%
Magic ItemIce Arrow
85%
ItemBomb
83%
Trading QuestBroken Goron's Sword
83%
ItemFairy Ocarina
83%
Magic ItemFire Arrow
83%
EquipmentKokiri Boots
83%
EquipmentKokiri Sword
83%
ItemLongshot
83%
Bottle ItemFish
81%
EquipmentHylian Shield
81%
Magic ItemLight Arrow
79%
PickupBlue Rupee
77%
PickupDeku Seed
77%
OtherGold Rupee
77%
PickupGreen Rupee
77%
EquipmentIron Boots
77%
Magic ItemLens Of Truth
77%
EquipmentMirror Shield
77%
PickupPurple Rupee
77%
PickupRed Rupee
77%
OtherSilver Rupee
77%
Bottle ItemBlue Potion
75%
ItemBombchu
75%
Bottle ItemGreen Potion
75%
Bottle ItemMilk
75%
ItemOcarina Of Time
75%
Bottle ItemRed Potion
75%
EquipmentZora Tunic
75%
ItemBoomerang
74%
EquipmentGoron Tunic
74%
EquipmentHover Boots
74%
MaskKeaton Mask
74%
ItemMegaton Hammer
74%
PickupHeart
72%
OtherSmall Key
72%
EquipmentBiggoron's Sword
70%
EquipmentDeku Shield
70%
Magic ItemDin's Fire
70%
Dungeon ItemDungeon Map
70%
MaskMask Of Truth
70%
Capacity ItemBig Bomb Bag
68%
Capacity ItemBiggest Bomb Bag
68%
Capacity ItemBomb Bag
68%
Dungeon ItemCompass
68%
EquipmentKokiri Tunic
68%
Capacity ItemAdult's Wallet
66%
ItemBottle
66%
Capacity ItemGiant's Wallet
66%
Bottle ItemLetter
66%
EquipmentSilver Gauntlets
66%
Mini Trading QuestZelda's Letter
66%
Bottle ItemBig Poe Soul
64%
EquipmentGolden Gauntlets
64%
Bottle ItemPoe Soul
64%
Dungeon ItemBoss Key
62%
Capacity ItemBiggest Quiver
60%
Capacity ItemBig Quiver
60%
MaskBunny Hood
60%
Magic ItemFarore's Wind
60%
ItemMagic Bean
60%
Trading QuestEyeball Frog
58%
EquipmentGolden Scale
58%
MaskGoron Mask
58%
Magic ItemNayru's Love
58%
Trading QuestPocket Egg
58%
Capacity ItemQuiver
58%
EquipmentSilver Scale
58%
Mini Trading QuestWeird Egg
58%
MaskZora Mask
58%
OtherHeart Container
55%
OtherPiece Of Heart
53%
Trading QuestPocket Cucco
53%
Quest ItemSpiritual Stone Of The Forest
51%
Quest ItemSpiritual Stone Of Water
51%
EquipmentBroken Giant's Knife
49%
Mini Trading QuestCucco
49%
EquipmentGiant's Knife
49%
Quest ItemSpiritual Stone Of Fire
49%
Trading QuestWorld's Finest Eye Drops
49%
MaskGerudo Mask
47%
Trading QuestPoacher's Saw
47%
MaskSkull Mask
47%
Quest ItemFire Medallion
45%
Quest ItemForest Medallion
45%
Quest ItemSpirit Medallion
45%
Quest ItemWater Medallion
45%
Quest ItemLight Medallion
43%
Bottle ItemBlue Fire
42%
Trading QuestOdd Mushroom
42%
PickupMagic Jar
40%
Quest ItemShadow Medallion
40%
MaskSpooky Mask
36%
OtherStone/Shard Of Agony
34%
OtherToken
34%
EquipmentGoron's Bracelet
32%
Trading QuestPrescription
26%
Trading QuestCojiro
23%
Capacity ItemBigger Bullet Bag
19%
Capacity ItemBiggest Bullet Bag
19%
OtherGerudo Token
19%
Trading QuestClaim Check
17%
Capacity ItemBullet Bag
15%
Trading QuestOld Poultice
11%
OtherSinking Lure
11%
OtherLure
9%

Score Distribution

Percentile by Number Answered

Percent of People with Each Score

Your Score History

You have not taken this quiz